000 00570nam a2200229 a 4500
001 nice12345678
003 IN_TiNIC
005 20260116012057.0
008 050524s1950 sura grp 000 0 ara
020 _a
_c100
082 0 0 _a027
_bABD
245 _aKitab-U-Kashil Zunun
260 _aSurat
_bAbdus Sama and Sons
_c1950
300 _a45p
500 _aincludes index and biblioraphy
505 2 _aIndex, Glossary, Biblio.,
650 _aManuscripts-Library-Catalogue
710 2 _aAbdus Samad and Sons
902 _bSRS
942 _cBK
999 _c5546
_d5546